Microeconomics (Record no. 11786)

MARC details
000 -LEADER
fixed length control field 00498nam a22001937a 4500
003 - CONTROL NUMBER IDENTIFIER
control field mut
005 - DATE AND TIME OF LATEST TRANSACTION
control field 20240606081207.0
008 - FIXED-LENGTH DATA ELEMENTS--GENERAL INFORMATION
fixed length control field 170916b xxu||||| |||| 00| 0 eng d
020 ## - INTERNATIONAL STANDARD BOOK NUMBER
International Standard Book Number 9780321314918
040 ## - CATALOGING SOURCE
Transcribing agency mut
050 ## - LIBRARY OF CONGRESS CALL NUMBER
Classification number HB172
Item number .R35 2008
100 ## - MAIN ENTRY--PERSONAL NAME
Personal name Regan, Christopher S. T.
245 ## - TITLE STATEMENT
Title Microeconomics
250 ## - EDITION STATEMENT
Edition statement 12th Canadian ed.
260 ## - PUBLICATION, DISTRIBUTION, ETC.
Place of publication, distribution, etc. Toronto
Name of publisher, distributor, etc. Pearson/ Addison Wesley
Date of publication, distribution, etc. c2008
650 ## - SUBJECT ADDED ENTRY--TOPICAL TERM
Topical term or geographic name entry element Microeconomics
Form subdivision Textbook
700 ## - ADDED ENTRY--PERSONAL NAME
Personal name Lipsey, Richard G.
942 ## - ADDED ENTRY ELEMENTS (KOHA)
Source of classification or shelving scheme Library of Congress Classification
Koha item type Books
Holdings
Withdrawn status Lost status Source of classification or shelving scheme Damaged status Not for loan Home library Current library Shelving location Date acquired Source of acquisition Total checkouts Full call number Barcode Date last seen Price effective from Koha item type Date last checked out
    Library of Congress Classification     Murang'a University of Technology Library Murang'a University of Technology Library General stacks 16/09/2017 Donation-TFC   HB172 .R35 2008 013069 16/09/2017 16/09/2017 Books  
    Library of Congress Classification     Murang'a University of Technology Library Murang'a University of Technology Library General stacks 02/10/2017 Donation-TFC 3 HB172 .R35 2008 013792 30/08/2024 02/10/2017 Books 03/12/2019
    Library of Congress Classification     Murang'a University of Technology Library Murang'a University of Technology Library General stacks 03/10/2017 Donation-TFC 1 HB172 .R35 2008 013733 05/11/2018 03/10/2017 Books 22/10/2018
    Library of Congress Classification     Murang'a University of Technology Library Murang'a University of Technology Library General stacks 13/11/2017 Donation-TFC 1 HB172 .R35 2008 016720 17/11/2018 13/11/2017 Books 05/11/2018
    Library of Congress Classification     Murang'a University of Technology Library Murang'a University of Technology Library General stacks 05/07/2018 Donation from-TFC   HB 172 .R35 2008 022777 30/08/2024 05/07/2018 Books  
    Library of Congress Classification     Murang'a University of Technology Library Murang'a University of Technology Library General stacks 04/10/2018 Donation-TFC   HB 172 .R35 2008 023952 04/10/2018 04/10/2018 Books  
    Library of Congress Classification     Murang'a University of Technology Library Murang'a University of Technology Library General stacks 12/03/2019 Donation-TFC   HB172 .R35 2008 025363 30/08/2024 12/03/2019 Books